| 000 | 01119nam a2200313Ia 4500 | ||
|---|---|---|---|
| 001 | Para_8912 | ||
| 003 | CHAP | ||
| 008 | 220125s2004 xx 000 0 und d | ||
| 010 | _a207653 | ||
| 040 | _cCHAP | ||
| 090 | _aPA TESIS 1856 | ||
| 100 |
_aMateo Morales, Isaías _972917 |
||
| 245 |
_aUso de azadiractina (Azadirachta indica A. Juss) para reducir poblaciones de mosquita blanca (Bemisia tabaci Gennadius) en pepino (Cucumis sativus L.) en Jojutla, Morelos, México / _c por Isaías Mateo Morales |
||
| 260 |
_aChapingo, Méx. : _b el autor |
||
| 300 | _a62 h. | ||
| 502 | _aTesis (Ing. Agr. Esp. en Parasitología Agrícola) -- UACh. Departamento Parasitología Agrícola | ||
| 650 |
_aAzadirachta indica _99047 |
||
| 650 |
_aBemisia tabaci _911496 |
||
| 650 |
_aInsecticidas _x pruebas _958878 |
||
| 650 |
_aPepino _x plagas _986921 |
||
| 710 |
_aUACh. Departamento Parasitología Agrícola _9164025 |
||
| 901 | _aPA TESIS 1856 | ||
| 902 | _aA | ||
| 905 | _a0000002004 ain 0000000000 00 | ||
| 910 | _a2004 | ||
| 942 | _cPARA | ||
| 942 |
_cPARA _d1 |
||
| 999 |
_c207653 _d207653 |
||